000 01742cam a2200217 i 4500
999 _c14251
_d14251
003 OSt
005 20260305163041.0
008 221230t20242024nyua b 001 0 eng
020 _a9780367647940
_q(paperback)
042 _apcc
082 0 0 _a729
_223/eng/20230105
100 1 _aShields, Jennifer A. E.,
_eauthor.
245 1 0 _aCollage and architecture /
_cJennifer A.E. Shields.
250 _aSecond edition.
300 _axiii, 269 pages :
_billustrations ;
_c26 cm
504 _aIncludes bibliographical references and index.
520 _a"Collage and Architecture remains an invaluable resource for students and practitioners as the first book to cover collage as a tool for analysis and design in architecture. Since entering the contemporary art world over a century ago, collage has profoundly influenced artists and architects throughout the twentieth century and into the twenty-first. In Collage and Architecture, Jennifer A.E. Shields explores its influence, using the artworks and built projects of leading artists and architects, such as Mies van der Rohe, Daniel Libeskind, and Teddy Cruz to illustrate the diversity of collage techniques. This new edition includes: A stronger focus on contemporary practices, including digital methods New designers and architects, including Marshall Brown, WAI Architecture Think Tank, and Tatiana Bilbao, bringing their methods and work to life An expanded global and diverse perspective of architecture as collage Collage is an important instrument for analysis and design. Through its 290 color images, this book shows how this versatile medium can be adapted and transformed in your own work"--
650 0 _aArchitectural design
_xMethodology.
650 0 _aCollage.
942 _2ddc